| 000 | 01136nam a22002537a 4500 | ||
|---|---|---|---|
| 005 | 20170124103115.0 | ||
| 010 | _aB-069417 | ||
| 020 |
_c150.00 _a8188462039 |
||
| 035 | _aB-069417 | ||
| 037 | _bCen Lib/Ret | ||
| 040 |
_aDPL _bHN |
||
| 082 |
_a305.4 _bगुप्तध |
||
| 100 |
_aगुप्त, धन प्रकाश _943705 |
||
| 245 |
_aधर्म,कर्तव्य और वर्ण-व्यवस्था / _cधन प्रकाश गुप्त |
||
| 246 |
_aDharm,kartavye aur varn-vyavstha / _bby Dhan Prakash Gupt |
||
| 260 |
_a नयी दिल्ली _bसंजीव प्रकाशन _c2003 |
||
| 270 |
_b नयी दिल्ली _e110002 _a3613, सुभाष मार्ग, दरियागंज |
||
| 300 |
_a110पृ. _c20सेमी(सजिल्द) |
||
| 650 |
_aवर्ण व्यवस्था -- कर्तव्य _980650 |
||
| 650 |
_aधर्म का स्वरुप _934133 |
||
| 650 |
_aCaste system - duty _980651 |
||
| 650 |
_aThe nature of religion _980652 |
||
| 942 |
_2ddc _cHN _h305.4 _mगुप्तध |
||
| 999 |
_c118522 _d118522 |
||